| 000 | 00568nam a2200205Ia 4500 | ||
|---|---|---|---|
| 003 | GCL | ||
| 008 | 140319s9999 xx 000 0 eng d | ||
| 040 |
_aGCL / _cGCL |
||
| 082 | 0 | 4 |
_a759.4074 _bN F |
| 100 | 1 | _aTHE NATIONAL GALLERY | |
| 245 | 1 | 0 |
_aFRENCH PAINTINGS FROM THE USSR: WATTEAU TO MATISSE / _cTHE NATIONAL GALLERY |
| 260 |
_a[S.N] : _bNATIONAL GALLERY OF ART ، _c1988 |
||
| 300 | _a112 PP | ||
| 650 | 0 | 4 | _aPAINTING |
| 650 | 0 | 4 | _aART FLEMISH |
| 650 | 0 | 4 | _aPAINTERS |
| 650 | 0 | 4 | _aMATISSE, HENRI, 1869 - 1954 |
| 650 | 0 | 4 | _aART, FRANCE |
| 942 |
_2ddc _cBK |
||
| 999 |
_c18937 _d18937 |
||